000 00238nam a22000857a 4500
008 161130b xxu||||| |||| 00| 0 eng d
100 _91619
_aSaraswathi,V
245 _aCompanion Teacher's Edition Ist
260 _aNew Delhi
_bOrient Longman
_c2006
999 _c4332
_d4332